00790nam a2200241Ia 450000100060000000300090000600800410001504000130005604000130006904100120008210000230009410000290011724500670014624500490021325000110026226000110027326000270028426000490031130000580036050000710041865000280048965000310051737553IT-RoPAU130308s9999 xx 000 0 und d aIT-RoPAU cIT-RoPAU aINGLESE aSchlesinger Philip gCodice Aut. SPICS: 17302 aIn Search of the Intellectuals: Some Comments on Recent Theory bMedia, Culture And Society-A Critical Reader a1a ed. aLONDON bSage Publications B.H. c1986 [1° Ed.:1986 - Ed.Ling.Originale:1986] a"21 p. (prefazione: no ; testo: 21 [pagine: 84-104])" aAlla Ricerca di Intellettuali Alcuni commenti a una Recente Teoria aTEORICHE DEI MASS MEDIA eCodice materia Spics: 6105